01481cam a22004094i 4500003000900000005001700009008004100026020001500067020001800082035002000100040003300120082002100153245008200174264003800256300003700294336002100331337002500352338002300377490008200400504004000482504003400522505034900556526001000905526001000915526001000925526001000935526000800945526000800953526000800961526000800969526000800977526000800985526000800993650002201001650002301023650002501046PE-LiUPU20250731173028.017073 s2012 mau rb 001 0 eng d a9004234268 a9789004234260 a(Sirsi) a237849 aPE-LiUPUbspacPE-LiUPUerda04a296.1609bK622300aKnowledge of God and the development of early Kabbalah /cby Jonathan Dauber. 1aLeiden ;aBoston :bBrill,c2012. a275 páginas ;c25 centimetros. atext2rdacontent aunmediated2rdamedia avolume2rdacarrier0 aSupplements to the Journal of Jewish thought and philosophy,x1873-9008 ;v18 aBibliografía : páginas 253-268. aÍndices: páginas 269-275.0 aChap. 1. Creativity in the first kabbalistic writings -- Chap. 2. The philosophic ethos -- Chap. 3. Investigating God in rabbinic and later Jewish literature -- Chap. 4. The philosophic ethos in the writings of the first kabbalists -- Chap. 5. Investigating God in Sefer ha-Bahir -- Chap. 6. The philosophic ethos in the writings of Nahmanides. aSEG42 aSEG41 aSEG40 aSEG39 aP94 aP87 aP86 aP85 aP77 aP76 aP35 0aCabalaxHistoria. 0aDios (judaísmo). 0aFilosofía judía.